000 00849cam a2200205 a 4500
001 15366006
005 20161111110644.0
008 080714s2009 nyua b 001 0 eng
020 _a9780767928069
040 _cPK-LaUMT
082 0 0 _a153
_222
_bHAL-W
100 1 _aHallinan, Joseph T.
245 1 0 _aWhy we make mistakes :
_bhow we look without seeing, forget things in seconds, and are all pretty sure we are way above average /
_cJoseph T. Hallinan
260 _aNew York :
_bBroadway Books,
_c2009
300 _a283 p. :
_bill. ;
_c22 cm.
520 _aHallinan sets out to explore the captivating science of human error, and delves into psychology, neuroscience, and economics to discover why some of the same qualities that make us efficient also make us error-prone.
650 0 _aFailure (Psychology)
650 0 _aErrors.
942 _cBK
999 _c88634
_d88634